What color is your parachute? for teens : (Record no. 1868)
[ view plain ]
| 000 -LEADER | |
|---|---|
| fixed length control field | 01871cam a22003254a 4500 |
| 001 - CONTROL NUMBER | |
| JCCL Control Number | 1868 |
| 003 - CONTROL NUMBER IDENTIFIER | |
| JCCL marc code | BD-JhCC |
| 005 - DATE AND TIME OF LATEST TRANSACTION | |
| control field | 20171025172723.0 |
| 008 - FIXED-LENGTH DATA ELEMENTS--GENERAL INFORMATION | |
| fixed length control field | 060213s2006 caua b 001 0 eng |
| 020 ## - INTERNATIONAL STANDARD BOOK NUMBER | |
| International Standard Book Number | 1580087132 (alk. paper) |
| 020 ## - INTERNATIONAL STANDARD BOOK NUMBER | |
| International Standard Book Number | 9781580087131 |
| 035 ## - SYSTEM CONTROL NUMBER | |
| system control number | (BD-JhCC)1868 |
| 040 ## - CATALOGING SOURCE | |
| Original cataloging agency | DLC |
| Transcribing agency | DLC |
| Modifying agency | YDX |
| -- | BAKER |
| -- | PFO |
| -- | NPL |
| -- | DLC |
| 041 ## - LANGUAGE CODE | |
| Language code of Book | eng |
| 050 00 - LIBRARY OF CONGRESS CALL NUMBER | |
| Classification number | HF5381 |
| Item number | .B63513 2006 |
| 082 00 - DEWEY DECIMAL CLASSIFICATION NUMBER | |
| Classification number | 650.14083/5 |
| DDC Edition number | 22 |
| Author mark and Year | BOL 2006 |
| 100 1# - MAIN ENTRY--PERSONAL NAME | |
| Personal name | Bolles, Richard Nelson. |
| 245 10 - TITLE STATEMENT | |
| Title | What color is your parachute? for teens : |
| Remainder of title | discovering yourself, defining your future / |
| Statement of responsibility, etc | Richard Nelson Bolles and Carol Christen, with Jean M. Blomquist. |
| 260 ## - PUBLICATION, DISTRIBUTION, ETC. (IMPRINT) | |
| Place of publication, distribution, etc | Berkeley, Calif. : |
| Name of publisher, distributor, etc | Ten Speed Press, |
| Date of publication, distribution, etc | c2006. |
| 300 ## - PHYSICAL DESCRIPTION | |
| Pagination | viii, 167 p. : |
| Other physical details | ill. ; |
| Dimensions | 23 cm. |
| 440 #4 - | |
| Title | The Parachute library |
| 504 ## - BIBLIOGRAPHY, ETC. NOTE | |
| Bibliography, etc | Includes bibliographical references and index. |
| 505 0# - FORMATTED CONTENTS NOTE | |
| Formatted contents note | Part I. Discovering Your Dream Job. -- What You Love to Do: Your Favorite Interests and Best Skills -- Who You Love to Work With: Your Favorite Types of People -- Where You Love to Be: Your Ideal Work Environment -- Putting the Pieces Together: Identifying Your Potential Dream Jobs -- Part II. On the Way to Your Future. -- What Do I Do Now?: Making the Most Out of High School -- What Do I Do Next?: Making the Most Out of College -- A Tool to Shape Your Future: Setting Goals --Part III. Landing Your Dream Job . . . And More. -- How to Search for and Find Your Dream Job -- The Top 10 Mistakes Job Hunters Make and How You Can Avoid Them -- Beyond Your Dream Job: Creating the Life You Want -- Appendix: More Information Interviews -- Index. |
| 650 #0 - SUBJECT ADDED ENTRY--TOPICAL TERM | |
| Topical term or geographic name as entry element | Teenagers |
| General subdivision | Vocational guidance. |
| 650 #0 - SUBJECT ADDED ENTRY--TOPICAL TERM | |
| Topical term or geographic name as entry element | Job hunting. |
| 700 1# - ADDED ENTRY--PERSONAL NAME | |
| Personal name | Christen, Carol. |
| 700 1# - ADDED ENTRY--PERSONAL NAME | |
| Personal name | Blomquist, Jean M. |
| 856 41 - ELECTRONIC LOCATION AND ACCESS | |
| Materials specified | Table of contents only |
| Uniform Resource Identifier | http://www.loc.gov/catdir/toc/ecip068/2006005029.html |
| 942 ## - ADDED ENTRY ELEMENTS (KOHA) | |
| Source of classification or shelving scheme | Dewey Decimal Classification |
| Koha item type | Books |
| Source of classification or shelving scheme | Damaged status | Not for loan | Home library | Current library | Shelving location | Date of accession | Total Checkouts | Full call number | Barcode | Date last seen | Copy number | Koha item type |
|---|---|---|---|---|---|---|---|---|---|---|---|---|
| Dewey Decimal Classification | JCC Rouf Library | JCC Rouf Library | General Stacks | 10/25/2017 | 650.14083/5 BOL 2006 | 2679 | 04/24/2024 | C-1 | Books |